000 00979nam a2200241Ia 4500
999 _c41250
_d41250
001 7903
003 GE_BSU
005 20200115161054.0
008 181216s1999||||ge |||||||||||||| ||geo||
020 _a99928430701
040 _cGE_BSU
041 _ageo
080 _a1(09)(042.4) თ–41
100 _aთებიძე, თამაზ
_96133
245 _aფილოსოფიის ისტორიის ნარკვევები :
_b(ლექციების კურსი) /
_c თამაზ თებიძე ; რედ. შოთა ჯაფარიძე.
264 _aბათუმი :
_bალიონი,
_c1999.
300 _a286 გვ.;
_b21 სმ.
504 _a ბიბლიოგრ.: გვ. 280-284.
653 _a ფილოსოფიის ისტორია
653 _aფილოსოგია
700 _aჯაფარიძე, შოთა
_eრედაქტორი
_94625
942 _cBK
_2udc